000 01272nam1a2200325 i 4500
001 RU\NLR\BIBL_A\010356793
005 20241104185722.0
010 _a9785906639011
035 _a(NLR Aleph) 010356793
090 _a10765349
_c10765349
100 _a20140331d2014 u y0rusy50 ca
101 0 _arus
102 _aRU
105 _a ||z||||||
200 1 _aКрым в поэзии
_eантология
_e[для внеклассного чтения учащихся старших классов общеобразовательных школ, студентов гуманитарных факультетов вузов
_eв 7 т.
_fсост.: В.С. Бойко]
210 _aНижний Новгород
_cКаравелла
_d2014
215 _d21
333 _a16+
607 _aКрым
_xв художественной литературе
_91478133
_3RU\NLR\AUTH\66628425
686 2 _aШ6(2=Р)-94
686 2 _aШ6(2=Р)-5
686 1 _aШ6(0)07-94(Лх150-30)
702 1 _aБойко
_bВ.С.
_gВиктор Сергеевич
_4220
852 _aNLR
_j2014-3/8947
942 _cBOOK